000 00357cam a22001217a 4500
008 180718b1976 xxu||||| |||| 00| 0 eng d
082 _aG91 K897
100 _aKrishna Iyer, V.R.
245 _aJurisprudence and jurisconscience a la Gandhi
_cby V.R. Krishna Iyer
260 _aDelhi
_bGandhi Peace Foundation
_c1976
300 _a53p.
650 _aJurisprudence
999 _c348749
_d348749